[Event "Asia-ch U16 Girls"]
[Site "Sari"]
[Date "2013.06.25"]
[Round "7"]
[White "Ghaemmaghami, Pegah"]
[Black "Gholami Orimi, Anahita"]
[Result "1-0"]
[WhiteElo "1699"]
[BlackElo "1797"]
[PlyCount "107"]
[EventDate "2013.06.21"]
[EventType "swiss"]
[EventRounds "9"]
[EventCountry "IRI"]
[SourceTitle "EXT 2015"]
[Source "ChessBase"]
[SourceDate "2014.11.20"]
[SourceVersion "1"]
[SourceVersionDate "2014.11.20"]
[SourceQuality "1"]

1. c4 Nf6 2. Nc3 e6 3. e4 d5 4. e5 d4 5. exf6 dxc3 6. bxc3 Qxf6 7. d4 c6 8. Nf3 h6 9. Bd3 Bd6 10. 0-0 0-0 11. Qe2 Re8 12. Qe4 Nd7 13. Re1 Nf8 14. Ne5 Qe7 15. a4 f5 16. Qe2 Qf6 17. Ba3 Bxa3 18. Rxa3 Nd7 19. a5 Qf8 20. Ra2 c5 21. Qf3 Rb8 22. Rae2 Nf6 23. d5 Qd6 24. dxe6 Bxe6 25. Bxf5 Bxf5 26. Qxf5 Rbd8 27. g3 Re7 28. Kf1 Rde8 29. Qd3 Qc7 30. Nd7 Qxd7 31. Qxd7 Rxd7 32. Rxe8+ Nxe8 33. Rxe8+ Kf7 34. Rc8 b6 35. a6 Ke7 36. Rb8 Kd6 37. f4 Kc6 38. Rc8+ Kd6 39. Rb8 Kc6 40. Ke2 Re7+ 41. Kf3 Rd7 42. Ke4 Rd2 43. Rb7 Ra2 44. Rxa7 b5 45. Rxg7 b4 46. Rg6+ Kc7 47. cxb4 cxb4 48. Rg7+ Kc6 49. Rb7 Kc5 50. a7 Kxc4 51. f5 b3 52. f6 b2 53. f7 Rxa7 54. f8Q 1-0

[Event "Wch U16 Girls"]
[Site "Al Ain"]
[Date "2013.??.??"]
[Round "8"]
[White "Menzi, Nezihe Ezgi"]
[Black "Ghaemmaghami, Pegah"]
[Result "1-0"]
[WhiteElo "1925"]
[BlackElo "1723"]
[PlyCount "42"]
[EventDate "2013.12.18"]
[EventType "swiss"]
[EventRounds "11"]
[EventCountry "UAE"]
[SourceTitle "CBM 158 Extra"]
[Source "ChessBase"]
[SourceDate "2014.02.28"]
[SourceVersion "1"]
[SourceVersionDate "2014.02.28"]
[SourceQuality "1"]

1. e4 e6 2. d4 d5 3. Nc3 Nf6 4. e5 Nfd7 5. f4 c5 6. Nf3 Nc6 7. Be3 Be7 8. Qd2 0-0 9. dxc5 Bxc5 10. Bxc5 Nxc5 11. 0-0-0 Qa5 12. Kb1 Rd8 13. Bd3 Bd7 14. Rhf1 Nb4 15. Nd4 Ba4 16. b3 Bc6 17. f5 exf5 18. Nxf5 d4 19. Qg5 Ne6 20. Nh6+ Kh8 21. Nxf7+ Kg8 1-0

[Event "Wch U16 Girls"]
[Site "Al Ain"]
[Date "2013.??.??"]
[Round "2"]
[White "Vanagaite, Giedre"]
[Black "Ghaemmaghami, Pegah"]
[Result "1-0"]
[WhiteElo "2017"]
[BlackElo "1723"]
[PlyCount "108"]
[EventDate "2013.12.18"]
[EventType "swiss"]
[EventRounds "11"]
[EventCountry "UAE"]
[SourceTitle "CBM 158 Extra"]
[Source "ChessBase"]
[SourceDate "2014.02.28"]
[SourceVersion "1"]
[SourceVersionDate "2014.02.28"]
[SourceQuality "1"]

1. d4 d5 2. Nf3 e6 3. c4 c6 4. e3 Nf6 5. Nc3 Nbd7 6. Qc2 Bd6 7. g4 h6 8. h3 e5 9. cxd5 cxd5 10. Nb5 Bb8 11. dxe5 Nxe5 12. Nbd4 Bd7 13. Bg2 Bc7 14. Nxe5 Bxe5 15. 0-0 0-0 16. Rd1 Rc8 17. Qd3 Re8 18. Bd2 Ne4 19. Be1 a6 20. Rac1 Qb6 21. Rxc8 Rxc8 22. b3 Bxd4 23. exd4 Qc6 24. f3 Nc3 25. Rd2 Qe6 26. Bf2 Bb5 27. Qe3 Ne2+ 28. Kh2 Qd6+ 29. Qe5 Qxe5+ 30. dxe5 Nf4 31. a4 Bd3 32. Bg3 Nxg2 33. Rxd3 Rc2 34. Kg1 Kh7 35. Kh1 g5 36. Rxd5 Ne3 37. Rd3 Rc1+ 38. Kh2 Rc2+ 39. Kg1 Rc1+ 40. Kf2 Nd1+ 41. Ke2 Nb2 42. Rd2 Rb1 43. Bf2 b5 44. axb5 axb5 45. Be1 Nd1 46. Rxd1 Rxb3 47. Rd2 Rb4 48. Kd3 Rb3+ 49. Ke4 Rb1 50. Kf5 Rb3 51. Rf2 b4 52. Ke4 Rb1 53. Bd2 b3 54. Be3 Rh1 1-0

[Event "Wch U14 Girls"]
[Site "Maribor"]
[Date "2012.11.09"]
[Round "2.19"]
[White "Azman Hisham, Nur Najiha"]
[Black "Ghaemmaghami, Pegah"]
[Result "1-0"]
[WhiteElo "1905"]
[BlackElo "1658"]
[PlyCount "57"]
[EventDate "2012.11.08"]
[EventType "swiss"]
[EventRounds "11"]
[EventCountry "SLO"]
[SourceTitle "EXT 2013"]
[Source "ChessBase"]
[SourceDate "2012.11.22"]
[SourceVersion "1"]
[SourceVersionDate "2012.11.22"]
[SourceQuality "1"]

1. d4 d5 2. c4 e6 3. Nf3 c6 4. Nc3 dxc4 5. a4 Bb4 6. e3 b5 7. Bd2 a5 8. axb5 Bxc3 9. Bxc3 cxb5 10. Ne5 Bb7 11. Ra2 Bd5 12. Qa1 a4 13. b3 Nd7 14. bxc4 bxc4 15. Nxc4 Qc7 16. Rxa4 Rc8 17. Ba5 Qc6 18. Qa3 Bxc4 19. Rxc4 Qb7 20. Rxc8+ Qxc8 21. Bd3 f6 22. 0-0 Ne7 23. Rc1 Qa8 24. Bb5 Nd5 25. Qd6 Qb7 26. Qxe6+ Ne7 27. Bb4 Kf8 28. Qxe7+ Kg8 29. Bc4+ 1-0

[Event "Asia-ch U14 Girls"]
[Site "Hikkaduwa"]
[Date "2012.06.26"]
[Round "1.3"]
[White "Ghaemmaghami, Pegah"]
[Black "Derakhshani, Dorsa"]
[Result "0-1"]
[WhiteElo "1614"]
[BlackElo "2004"]
[PlyCount "93"]
[EventDate "2012.06.26"]
[EventType "swiss"]
[EventRounds "9"]
[EventCountry "SRI"]
[SourceTitle "EXT 2024"]
[Source "ChessBase"]
[SourceDate "2023.10.10"]
[SourceVersion "1"]
[SourceVersionDate "2023.10.10"]
[SourceQuality "1"]

1. d4 d5 2. c4 e6 3. Nc3 Be7 4. cxd5 exd5 5. Bf4 c6 6. Qc2 g6 7. e3 Bf5 8. Bd3 Bxd3 9. Qxd3 Nd7 10. Nf3 Ngf6 11. h3 0-0 12. 0-0 Nh5 13. Bh2 f5 14. Rab1 a5 15. a3 g5 16. b4 axb4 17. axb4 b5 18. Ne5 Nxe5 19. dxe5 Ra3 20. Qd2 f4 21. Qb2 Ra7 22. e4 dxe4 23. Nxe4 f3 24. Rfd1 Rd7 25. Qb3+ Kh8 26. Nd6 Bxd6 27. Rxd6 Rxd6 28. exd6 Nf4 29. Qxf3 Qxd6 30. Qc3+ Kg8 31. Qb3+ Rf7 32. Rd1 Qf6 33. Bxf4 gxf4 34. Rd7 Kg7 35. Rxf7+ Qxf7 36. Qxf7+ Kxf7 37. Kf1 Ke6 38. Ke2 Kd5 39. Kf3 Kc4 40. Kxf4 Kxb4 41. Kg4 Kc4 42. f4 b4 43. f5 Kd5 44. Kg5 b3 45. Kf6 b2 46. Ke7 b1Q 47. f6 0-1

[Event "Wch U12 Girls"]
[Site "Porto Carras"]
[Date "2010.10.20"]
[Round "1"]
[White "Ghaemmaghami, Pegah"]
[Black "Valieva, Rufina"]
[Result "0-1"]
[WhiteElo "1562"]
[BlackElo "1903"]
[PlyCount "78"]
[EventDate "2010.10.20"]
[EventType "swiss"]
[EventRounds "11"]
[EventCountry "GRE"]
[SourceTitle "EXT 2011"]
[Source "ChessBase"]
[SourceDate "2010.11.26"]
[SourceVersion "1"]
[SourceVersionDate "2010.11.26"]
[SourceQuality "1"]

1. e4 c5 2. Nc3 d6 3. f4 g6 4. Nf3 Bg7 5. Bc4 e6 6. 0-0 Ne7 7. d3 Nbc6 8. a3 0-0 9. Ba2 Rb8 10. Qe1 b5 11. Qh4 b4 12. axb4 cxb4 13. Ne2 Na5 14. f5 exf5 15. Bh6 b3 16. Bxb3 Nxb3 17. cxb3 Rxb3 18. Nf4 f6 19. Bxg7 Qb6+ 20. Kh1 Kxg7 21. Nd2 Rb4 22. Nc4 Qd4 23. Rae1 Rf7 24. Qg3 Rb3 25. Ne2 Qxd3 26. Qxd3 Rxd3 27. Nf4 Rd4 28. Ne3 fxe4 29. Nc2 Rd2 30. Rc1 g5 31. Nh5+ Kg6 32. Ng3 Bb7 33. Rfd1 Rxd1+ 34. Rxd1 d5 35. Nd4 Nc6 36. Ndf5 Rd7 37. Rd2 h5 38. h4 gxh4 39. Nxh4+ Kg5 0-1